Odhalené emoce naučte se rozpoznávat výrazy tváře a pocity druhých

Salvato in:
Dettagli Bibliografici
Autore principale: Ekman, Paul
Natura: Libro
Lingua:ceco
Pubblicazione: Brno Jan Melvil Publishing 2015
Edizione:1. vydání
Soggetti:
Tags: Aggiungi Tag
Nessun Tag, puoi essere il primo ad aggiungerne!!

MARC

LEADER 00000nam a2200000 4500
001 0288621
005 20240416113826.9
020 |a 978-80-87270-81-3 
041 0 |a cze 
044 |a CZ 
245 1 0 |a Odhalené emoce  |b naučte se rozpoznávat výrazy tváře a pocity druhých  |c Paul Ekman 
250 |a 1. vydání 
264 1 |a Brno  |b Jan Melvil Publishing  |c 2015 
300 |a 328 s. 
610 2 0 |a emócie 
610 2 0 |a správanie 
610 2 0 |a psychológia 
100 1 |a Ekman, Paul